000 00261nam a2200109Ia 4500
008 190216s9999||||xx |||||||||||||| ||und||
100 _aVallathol
245 0 _aAchanum Makalum
260 _bShankar Graphic
650 _aMalayalam-Malayalam Kavitha
942 _cBK
999 _c26247
_d26247